[Event "Kinross USSA (Women) op"]
[Site "Kinross"]
[Date "2018.07.02"]
[Round "2"]
[White "Mak, Cora"]
[Black "Nyembe, Sphesihle"]
[Result "1-0"]
[WhiteElo "1514"]
[BlackElo "872"]
[PlyCount "69"]
[EventDate "2018.07.02"]
[EventType "swiss"]
[EventRounds "9"]
[EventCountry "RSA"]
[SourceTitle "CBM 185 Extra"]
[Source "ChessBase"]
[SourceDate "2018.07.29"]
[SourceVersion "1"]
[SourceVersionDate "2018.07.29"]
[SourceQuality "1"]

1. Nf3 d5 2. d3 c5 3. Nbd2 e6 4. g3 Nf6 5. Bg2 Nc6 6. 0-0 Be7 7. Re1 0-0 8. h4 e5 9. Nh2 Be6 10. e4 d4 11. Ndf1 h6 12. f4 Qd7 13. f5 Rad8 14. fxe6 Qxe6 15. a3 b5 16. Bd2 c4 17. Qf3 h5 18. Qf5 Qxf5 19. exf5 Rd5 20. Bxd5 Nxd5 21. dxc4 bxc4 22. c3 d3 23. Re4 f6 24. Rxc4 Rc8 25. Rd1 Nb6 26. Re4 a5 27. Be3 Nd5 28. Rxd3 Nxe3 29. Nxe3 Rb8 30. Rd2 Bc5 31. Nhf1 Ne7 32. Kg2 Kh7 33. Rc4 Bxe3 34. Nxe3 g6 35. Rc7 1-0